Premier League Players of the Year, 2010s - Statistics

General Stats
  • This quiz has been taken 630 times
    510 since last reset
  • The average score is 28 of 53
Answer Stats
Answer % Correct
Harry Kane
97%
Heung-min Son
96%
Mohamed Salah
96%
Kevin De Bruyne
95%
Sadio Mane
91%
Sergio Aguero
88%
Virgil Van Dijk
85%
Pierre Emerick Aubameyang
80%
David Silva
79%
Eden Hazard
79%
Bernardo Silva
78%
Bukayo Saka
78%
Cristiano Ronaldo
75%
Wayne Rooney
74%
Bruno Fernandes
73%
Mesut Ozil
72%
Luis Suarez
68%
David de Gea
67%
Robin Van Persie
67%
Alexandre Lacazette
66%
Jordan Henderson
66%
N'golo Kante
66%
Alexis Sanchez
64%
Didier Drogba
64%
Vincent Kompany
60%
Mason Mount
59%
Ruben Dias
55%
Yaya Toure
52%
Gareth Bale
51%
Philippe Coutinho
48%
Petr Cech
45%
Christian Eriksen
42%
Jan Vertonghen
40%
Carlos Tevez
38%
Cesc Fabregas
38%
Aaron Ramsey
37%
Juan Mata
36%
Luka Modric
34%
Jack Wilshere
33%
Luke Shaw
33%
Toby Alderweireld
33%
Willian
33%
Santi Cazorla
29%
Antonio Valencia
23%
Mateo Kovacic
18%
Ander Herrera
17%
Pablo Zabaleta
17%
Martin Skrtel
16%
Pepe Reina
15%
Javier Hernandez
10%
Lucas Leiva
8%
Scott Parker
8%
Michael Dawson
5%
No matching quizzes found
Score Distribution
Percent of People with Each Score
Percentile by Number Answered
Your Score History
You have not taken this quiz since the last reset